000 00464nam a22001817a 4500
003 koha_MIRAKIL
005 20231213095624.0
008 231213b |||||||| |||| 00| 0 ||| d
020 _b9-75563034-1
040 _aTR-IsEVY
_btur
_cTR-IsEVY
082 _a100 ECZ/B
100 _aECZACIBAŞI, ŞAKİR.
245 0 _aBERNARD SHAW
_bGÜLEN DÜŞÜNCELER.
260 _bİyi Şeyler,
_c1995
300 _a430.
650 _aFelsefe ve Psikoloji.
942 _2ddc
_cBK
999 _c6705
_d6705